Penulisan : cetusan fikiran

Bibliographic Details
Main Author: Horton, Susan R
Other Authors: Amir Hamzah Ismail
Format: Book
Published: Kuala Lumpur : DBP , 1993
Subjects:

MARC

LEADER 00000cam a2200000 7i4500
001 0000000721
002 000000818
005 20000330.0
020 |a 9836231919 
090 0 0 |a 808.02   |b HOR 
100 1 |a Horton, Susan R 
245 1 0 |a Penulisan :   |b cetusan fikiran   |c Susan R. Horton ; diterjemahkan oleh Amir Hamzah Ismail 
260 |a Kuala Lumpur :   |b DBP ,   |c 1993 
300 |a 261 p. ;   |c 23 cm. 
650 0 0 |a Authorship 
650 0 0 |a Concepts 
650 0 0 |a Creative writing 
700 0 |a Amir Hamzah Ismail 
999 |a 030573   |b BUKU   |c PINJAMAN   |e PERPUSTAKAAN KOMUNITI PETALING JAYA 
999 |a 030574   |b BUKU   |c PINJAMAN   |e PERPUSTAKAAN KOMUNITI PETALING JAYA